Български игрални филми по художествени произведения (Запис номер 127805)
[ съкратено ]
| 000 -Лидер | |
|---|---|
| Контролно поле с фиксирана дължина | 02265nam a2200421 c 4500 |
| 003 - Код на организацията, давaща контролен номер | |
| Контролно поле | BLK |
| 005 - Дата и час на последна редакция | |
| Контролно поле | 20180422111307.0 |
| 008 - Елементи от данни с фиксирана дължина | |
| fixed length control field | 180409b bul|||||r ||||||| ||bul|| |
| 010 ## - Наследен системен номер | |
| LC control number | KNG00133512000 |
| 040 ## - Източник на каталожния запис | |
| Идентификатор на билиотеката - собственик на записа | BLK |
| 041 ## - Код за език | |
| Код за езика на текст/звукозапис или на отделно заглавие | Български |
| Код за езика КДБФ | Български |
| 072 #7 - Код за тематичната категория | |
| Код организация | bullib |
| Код за тематична категория | Н01 |
| Текст | Библиографии Н |
| 080 ## - УДК | |
| Текстов определител УДК | Специална библиография |
| УДК код - определител по УДК | 016 |
| УДК определител | :791.43-2 |
| УДК - код + определител | 016:791.43-2 |
| 080 ## - УДК | |
| Текстов определител УДК | Художествено-игрални филми |
| УДК код - определител по УДК | 791.43-2 |
| УДК определител | (01) |
| УДК - код + определител | 791.43-2(01) |
| 139 ## - Редно поле | |
| Редна дума | Петрова, Катя |
| Авторски знак | Петро - П 47 |
| 245 10 - Сведения за заглавието | |
| Заглавие | Български игрални филми по художествени произведения |
| Подзаглавни данни | Библиогр. указ. |
| Редно поле (дума) | състав. Катя Петрова. |
| 257 ## - Страна на издаване | |
| Страна на създаване/издаване | България |
| 260 ## - Област на издателските данни | |
| -- | Пловдив |
| Име на издателя, разпространителя и проч. | Нар. библ. Иван Вазов |
| Година на издаване | 1985 |
| 300 ## - Физическа характеристика | |
| Страници | 116 с. |
| Илюстрации и др. | с ил. |
| Размери/Мащаб | 22 см |
| 380 ## - Жанр | |
| Жанр | Изкуство |
| 500 ## - Общи забележки | |
| Забележка | 600 тир. - Показалец на заглавията на филмите по години ; Показалец на художествените произвезения ; Показалец на авторите на художествените произведения ; Показалец на сценаристите ; Показалец на режисьорите ; Показалец на операторите ; Показалец на авторите на музиката ; Показалец на изпълнителите ; Показалец на рецензентите. |
| 650 #4 - Допълнително описание по предмет – тема | |
| Основно описание – тема или топоним | Филми, художествени - библиографии |
| 9 (RLIN) | 320885 |
| 650 #4 - Допълнително описание по предмет – тема | |
| Основно описание – тема или топоним | Филми, художествени - България |
| 9 (RLIN) | 320886 |
| 650 #4 - Допълнително описание по предмет – тема | |
| Основно описание – тема или топоним | Литература - в българското кино - библиографии |
| 9 (RLIN) | 320887 |
| 651 #4 - Допълнително описание по предмет - топоним | |
| Географско понятие | България |
| 9 (RLIN) | 241624 |
| 653 ## - Ключова дума – ненормативна | |
| Ключова дума | игрални филми |
| 653 ## - Ключова дума – ненормативна | |
| Ключова дума | художествена литература |
| 653 ## - Ключова дума – ненормативна | |
| Ключова дума | екранизация |
| 653 ## - Ключова дума – ненормативна | |
| Ключова дума | филмиране |
| 653 ## - Ключова дума – ненормативна | |
| Ключова дума | библиографски указатели |
| 659 ## - Тематичен бюлетин | |
| Тематичен бюлетин | Н |
| 700 1# - Други автори (авторска отговорност) | |
| Лично име | Петрова, Катя |
| Автороска отговорност (Описва отношението между автора и произведението) | състав. |
| 9 (RLIN) | 377818 |
| 852 ## - Местоположение | |
| Форматна сигнатура | Цб 256183 |
| 856 4# - Електронен адрес и достъп | |
| Електронен формат | pdf - файл |
| Път до файла /url/ | |
| 856 4# - Електронен адрес и достъп | |
| Електронен формат | pdf - файл |
| Път до файла /url/ | |
| 942 ## - АРТИКУЛИ | |
| Вид на библиотечния материал | Книги |
| Скрит в OPAC | Не |
| 944 ## - СЪЗДАВАНЕ И РЕДАКЦИЯ на ЗАПИСА | |
| Създаване/Редакция | Създаване |
| Дата на регистрацията/редакция | 10.09.2012 |
| Статус, дата на статуса | ф / |
| Служител, извършил регистрацията/редакцията | Людмила_Стоянова |
| 944 ## - СЪЗДАВАНЕ И РЕДАКЦИЯ на ЗАПИСА | |
| Създаване/Редакция | Редакция |
| Дата на регистрацията/редакция | 13.09.2013 |
| Статус, дата на статуса | ф / |
| Служител, извършил регистрацията/редакцията | |
| 999 ## - СИСТЕМНИ КОНТРОЛНИ НОМЕРА | |
| Koha biblionumber | 127805 |
| Koha biblioitemnumber | 127805 |
| Код за отписване | Код за изгубен артикул | Източник на класификационната схема | Код за повреда | Коз за рестрикции | Код за отдаване | Артикулен № | Име на библиотеката - собственик | Име на библиотеката, в която се намира в момента | Статус (Текущо местоположение) | Дата на вписване в системата | Местоположение - отдел | Цена в лева | Инвентарен номер | Систематично азбучна сигнатура | Баркод | Номер на екземпляра | Цена в евро | Служебна бележка | Служебен тип на артикула |
|---|---|---|---|---|---|---|---|---|---|---|---|---|---|---|---|---|---|---|---|
| Не е изгубен | Universal Decimal Classification | Не е повреден | само за читалня | ползва се в читалня | 207815 | Регионална библиотека "Любен Каравелов" Русе | Регионална библиотека "Любен Каравелов" Русе | СБИД | 2012-09-10 | СБИД | 5.00 | 120000759673 | С 016:7/П 47 | 120000759673 | 1 | 2.56 | Дост: DA Вид: А N: 18 Дата: 03.09.2012 Дата инв: 16.06.2017 Бележки инв: СИ2017 | Книги |